00814nam a2200217 i 4500001001900000003000400019005001700023006001900040007001500059008004100074040002000115100002400135245012800159260006000287300004100347490002700388650001800415650004400433710006100477856005800538991058478168306706OSt20230921181534.0m o d | cr |||||||||||201029s2019 sp a ob 000 0 spa d aCDMRcCDMRbcat1 aDíaz Noci, Javier10aPropiedad intelectual e información digital :buna aproximación jurídica [recurs electrònic] /c Javier Díaz-Noci aBarcelona : bUPF. Departament de Comunicació, c2021 a1 recurs electrònic (58 pàgines) aDigiDoc Reports v; 97 0aDrets d'autor 0aPeriodisme digitalxDret i legislació2 aUniversitat Pompeu Fabrab. Departament de Comunicació zAccés en líniauhttp://hdl.handle.net/10230/47635